Дело о выкупе земельных наделов временнообязанными крестьянами С.Ф. Шатынского имения Шатые Ковенского уезда Ковенской губернии

Доступно только в Электронных читальных залах Найти на картеНа карте
RUSMARC
00003962nmc2a2200000 x 450
001510393a9-0fb2-4d41-9942-dbb81a6297b7
00520160109031707.0
100##$a20141209l18651892k l0rusy0189 ca
1010#$arus
102##$aRU
2001#$aДело о выкупе земельных наделов временнообязанными крестьянами С.Ф. Шатынского имения Шатые Ковенского уезда Ковенской губернии
$j9 января 1865 г. - 8 мая 1892 г.
251##$cДело
300##$aДело
300##$aОриг. заголовок дела: Дело Шатынского С.Ф. Ковенской губернии Ковенского уезда имения Шатые. 9 января 1865 г. - 8 мая 1892 г
801#0$aRU
$bРГИА
$c20141209
$gRCR
801#1$aRU
$bГлавНИВЦ
$c20141209
$2rusmarc
801#2$aRU
$bПБ им. Б.Н. Ельцина
$c20160109
$gRCR
$2rusmarc
850##$aРГИА
852##$aРГИА
$eФедеральное казенное учреждение "Российский государственный исторический архив" (РГИА)
$j713
937##$hРГИА
$d11173601
$aASBIBLIO_SCAN
462#0$1001502adf71-6cdd-4b0a-8019-ccd751bf1031
$12001
$aДела Главного выкупного учреждения Министерства финансов по Ковенской губернии
$1251
$cОпись
$1852
$j15
461#0$10018ef30ad5-ff5c-4840-a721-74c62a200f95
$12001
$aГлавное выкупное учреждение Министерства финансов
$1251
$cФонд
$1852
$j577
215##$a16 л.
$d36,5x26 см
371##$aДокумент не является опубликованным и широко распространяемым
105##$aу###
1222#$ad
5171#$aДело Шатынского С.Ф. Ковенской губернии Ковенского уезда имения Шатые. 9 января 1865 г. - 8 мая 1892 г
035##$a510393a9-0fb2-4d41-9942-dbb81a6297b7
Формат отображения